00387nam a2200145Ia 4500008004100000020001500041041001200056082001100068100001800079245007100097260003600168300000800204650001400212700001500226221030s9999 xx 000 0 und d a8121917875 aEnglish a105.23 aSatya Prakash 0aAdvanced Inorganic Chemistry Vol. IIcby Satya Prakash, G. D. Tuli bS. Chand & Co.aNew Delhic2009 a656 aChemistry aG. D. Tuli